LEADER 01437nam a2200301 4500 001 000000340233 003 CaOOAMICUS 005 20200519103519.0 008 200519s1707 it 000 u ita r 026 $aa-a- e.di e.e, pefe (3) 1705 (Q) 040 $aSeMil$bita 110 21$aArte dei Parrucchieri .$0(OLS)http://semarc/name/111342 245 00$aStatuti, ordini, e privilegii concessi dall'eccellentissimo Senato ... alla Ven. Scuola del glorioso annacorita padre e confessor S. Onofrio de SS. Peruccari di quest'inclita città di Milano ... 264 1$a[Milano :$bs.n.,$c1705] 300 $a24 p. ;$c4° 500 $aCors. ; rom. 500 $aIniz. xilogr. 500 $aInsegna della Corporazione xilogr. (Immagine di S. Onofrio) sul front. 500 $aData di pubblicazione presunta, 1705, a c. A10r 500 $aSegn.: A12 650 4$aCorporazioni - Milano - Sec. 16.-18.$0(OLS)http://semarc/subject/49176 752 $aIT$dMilano 850 $aSeMil 852 $aSeMil$W1$xVenegono$y1$m3Z V 6/2 FA$j219338$B231352$CSeMilBibl$Z2$F231352 $8I 941 1 $a10 996 $6245$aStatuti, ordini, e privilegii concessi dall'eccellentissimo Senato ... alla Ven. Scuola del glorioso annacorita padre e confessor S. Onofrio de SS. Peruccari di quest'inclita città di Milano ...$9(OLS)http://semarc/title/429241 996 $6264$a[Milano :$bs.n.$9(OLS)http://semarc/publisher/36374 LEADER 01329nam a2200253 4500 001 000000353533 003 CaOOAMICUS 005 20230419143952.0 008 230419s1956 fr 000 u fre r 040 $aSeMil$bita 041 $afre 100 1 $aThérèse : de l'Enfant-Jésus,$c.$0(OLS)http://semarc/name/98600 245 10$aManuscrits autobiographiques /$c[a cura e con introduzione di François de Sainte-Marie (O.C.D.)]. 264 1$aLisieux :$bCarmel de Lisieux,$c1956- 300 $av. ;$c23 cm 650 4$aTeresa : del Bambino Gesù - Biografie - Fonti.$0(OLS)http://semarc/subject/33944 700 1 $aFrançois : de Sainte-Marie.$0(OLS)http://semarc/name/10462 774 0 $t1: Introduction.$dLisieux : Carmel de Lisieux, 1956.$w()353469 774 0 $t2: Notes et tables.$dLisieux : Carmel de Lisieux, 1956.$w()353534 774 0 $t3: Table des citations.$dLisieux : Carmel de Lisieux, 1956.$w()353535 774 0 $t[4]: [Fac-sim. des manuscrits et d'une lettre de sainte Thérèse de l'Enfant-Jésus, et de pièces diverses].$d[Montrouge : C. et J. Draeger], 1956.$w()353577 996 $6245$aManuscrits autobiographiques$9(OLS)http://semarc/title/255296 996 $6264$aLisieux :$bCarmel de Lisieux$9(OLS)http://semarc/publisher/60932